Increasing Efficiency by Eliminating Bottlenecks

Na minha lista:
Detalhes bibliográficos
Autor principal: Horváthová, Miroslava
Formato: Capítulo de Livro
Idioma:inglês
Assuntos:
Tags: Adicionar Tag
Sem tags, seja o primeiro a adicionar uma tag!

MARC

LEADER 00000naa$a2200000$$$4500
001 0271030
005 20240502074245.1
041 0 |a eng 
044 |a SK 
245 1 0 |a Increasing Efficiency by Eliminating Bottlenecks  |c Miroslava Horváthová 
610 2 0 |a efektívnosť 
610 2 0 |a produktivita 
610 2 0 |a výroba 
610 2 0 |a spoločnosť 
100 1 |a Horváthová, Miroslava